Normal view
MARC view
- Jewell, Sally
Entry Personal Name
001 - CONTROL NUMBER
- control field: 98379
003 - CONTROL NUMBER IDENTIFIER
- control field: NUST
005 - DATE AND TIME OF LATEST TRANSACTION
- control field: 20220823165026.0
008 - FIXED-LENGTH DATA ELEMENTS
- fixed length control field: 220823|| aca||aabn | a|a d
040 ## - CATALOGING SOURCE
- Original cataloging agency: NUST
- Transcribing agency: NUST
100 ## - HEADING--PERSONAL NAME
- Personal name: Jewell, Sally
670 ## - SOURCE DATA FOUND
- Source citation: Work cat.: (NUST)0: Luong, QT, author, photographer. 94782, Our national monuments :
